ARRUPE JESUIT UNIVERSITY

CORONAVIRUS -STOP THE SPREAD - CLEAN,DISINFECT,COVER

Reimagining God and Mission (Record no. 119158)

MARC details
000 -LEADER
fixed length control field 00453nam a22001337a 4500
008 - FIXED-LENGTH DATA ELEMENTS--GENERAL INFORMATION
fixed length control field 131210b xxu||||| |||| 00| 0 eng d
050 ## - LIBRARY OF CONGRESS CALL NUMBER
Classification number BR1480.R363 2007
100 ## - MAIN ENTRY--PERSONAL NAME
Personal name Langmead, Ross
9 (RLIN) 5393
245 ## - TITLE STATEMENT
Title Reimagining God and Mission
Remainder of title Perspectives from Australia
Statement of responsibility, etc Ross Langmead
260 ## - PUBLICATION, DISTRIBUTION, ETC. (IMPRINT)
Place of publication, distribution, etc Australia
Name of publisher, distributor, etc ATF Press
Date of publication, distribution, etc 2007
300 ## - PHYSICAL DESCRIPTION
Extent xxiii,278p. ;
Dimensions 23cm.
650 ## - SUBJECT ADDED ENTRY--TOPICAL TERM
Topical term or geographic name as entry element Missions
General subdivision Evengalistic work
-- Philosophy
Geographic subdivision Australia
9 (RLIN) 5394
942 ## - ADDED ENTRY ELEMENTS (KOHA)
Source of classification or shelving scheme Library of Congress Classification
Item type Monograph ( Printed materials)
Holdings
Withdrawn status Lost status Source of classification or shelving scheme Damaged status Not for loan Home library Current library Date acquired Total Checkouts Full call number Barcode Date last seen Price effective from Koha item type
    Library of Congress Classification     ARRUPE LIBRARY ARRUPE LIBRARY 10/12/2013   BR1480.R363 2007 46407461 15/11/2016 10/12/2013 Monograph ( Printed materials)

 

Arrupe Library. PO Box MP320 Mt Pleasant, Harare, Zimbabwe
263 242 745411|librarian@aju.ac.zw